<?xml version="1.0" encoding="UTF-8"?><?xml-stylesheet type="text/xsl" href="static/style.xsl"?><OAI-PMH xmlns="http://www.openarchives.org/OAI/2.0/" xmlns:xsi="http://www.w3.org/2001/XMLSchema-instance" xsi:schemaLocation="http://www.openarchives.org/OAI/2.0/ http://www.openarchives.org/OAI/2.0/OAI-PMH.xsd"><responseDate>2026-04-17T05:39:59Z</responseDate><request verb="GetRecord" identifier="oai:www.recercat.cat:2445/192653" metadataPrefix="marc">https://recercat.cat/oai/request</request><GetRecord><record><header><identifier>oai:recercat.cat:2445/192653</identifier><datestamp>2025-12-04T21:47:51Z</datestamp><setSpec>com_2072_1057</setSpec><setSpec>col_2072_478810</setSpec><setSpec>col_2072_478917</setSpec></header><metadata><record xmlns="http://www.loc.gov/MARC21/slim" xmlns:dcterms="http://purl.org/dc/terms/" xmlns:xsi="http://www.w3.org/2001/XMLSchema-instance" xmlns:doc="http://www.lyncode.com/xoai" xsi:schemaLocation="http://www.loc.gov/MARC21/slim http://www.loc.gov/standards/marcxml/schema/MARC21slim.xsd">
   <leader>00925njm 22002777a 4500</leader>
   <datafield ind2=" " ind1=" " tag="042">
      <subfield code="a">dc</subfield>
   </datafield>
   <datafield ind2=" " ind1=" " tag="720">
      <subfield code="a">Domènech Bagaria, Ona</subfield>
      <subfield code="e">author</subfield>
   </datafield>
   <datafield ind2=" " ind1=" " tag="720">
      <subfield code="a">Montané March, M. Amor</subfield>
      <subfield code="e">author</subfield>
   </datafield>
   <datafield ind2=" " ind1=" " tag="260">
      <subfield code="c">2023-01-27T08:52:43Z</subfield>
   </datafield>
   <datafield ind2=" " ind1=" " tag="260">
      <subfield code="c">2023-01-27T08:52:43Z</subfield>
   </datafield>
   <datafield ind2=" " ind1=" " tag="260">
      <subfield code="c">2022-06</subfield>
   </datafield>
   <datafield ind2=" " ind1=" " tag="260">
      <subfield code="c">2023-01-27T08:52:43Z</subfield>
   </datafield>
   <datafield ind2=" " ind1=" " tag="520">
      <subfield code="a">La pandèmia de la COVID-19 ha sacsejat tots els àmbits de la societat, i la llengua -especialment el lèxic-, en tant que fidel reflex del món en què vivim, ens mostra clarament aquesta profunda petjada. Es tracta, a més, de la primera gran pandèmia de l'era virtual, la qual cosa explica la profunda influència que aquesta situació d'emergència sanitària ha tingut en la creativitat lèxica, atès que, gràcies a les xarxes socials, per primer cop els esdeveniments s'han narrat en temps real. En aquest treball ens proposem estudiar i caracteritzar la creativitat lèxica del català associada a la COVID-19, a partir de l'anàlisi de neologismes lèxics relacionats amb aquesta situació d'emergència i generats durant aquest període pandèmic. Per assolir aquest objectiu hem constituït dos corpus de neologismes -un de terminològic i un altre de la llengua general- i els hem analitzat lingüísticament, contrastant-los, la qual cosa ens ha permès fer un dibuix força precís de la innovació lèxica en llengua catalana durant aquesta pandèmia.</subfield>
   </datafield>
   <datafield tag="653" ind2=" " ind1=" ">
      <subfield code="a">Terminologia</subfield>
   </datafield>
   <datafield tag="653" ind2=" " ind1=" ">
      <subfield code="a">COVID-19</subfield>
   </datafield>
   <datafield tag="653" ind2=" " ind1=" ">
      <subfield code="a">Creativitat (Lingüística)</subfield>
   </datafield>
   <datafield tag="653" ind2=" " ind1=" ">
      <subfield code="a">Terminology</subfield>
   </datafield>
   <datafield tag="653" ind2=" " ind1=" ">
      <subfield code="a">COVID-19</subfield>
   </datafield>
   <datafield tag="653" ind2=" " ind1=" ">
      <subfield code="a">Creativity (Linguistics)</subfield>
   </datafield>
   <datafield ind2="0" ind1="0" tag="245">
      <subfield code="a">Terminologia, neologia i COVID-19: anàlisi de la creativitat lèxica en català</subfield>
   </datafield>
</record></metadata></record></GetRecord></OAI-PMH>